Dates Importantes - Statistiques

Statistiques générales
  • Ce quiz a été pris 172 fois
  • Le résultat moyen est 5 sur 12
Statistiques - réponses
Hint Réponse % Correct
Invasion de la Pologne 1939
67%
Date de naissance de Hitler 1889
64%
Hitler nommé Chancelier 1933
62%
Bataille de Stalingrad 1942
48%
Début de l'opération Barbarossa 1941
39%
Mise en place de la Solution Finale 1942
39%
Publication de Mein Kampf 1925
32%
Début de la SHOAH 1941
30%
Congrès de Nuremberg 1933
27%
Publication d'Erika 1930
17%
Putsch de Hitler 1923
15%
Mise en place de l'Aktion T4 1939
14%
Aucun quiz correspondant
Distribution des résultats
% des personnes avec chaque résultat
Percentile par nombre de réponses
Votre historique - résultats
Vous n’avez pas pris ce quiz